Bibliotecas y otros archivos /
La importancia de las bibliotecas en la preservación de la información. Clasificación según sus diferentes tipos. Se aborda el concepto de archivo desde perspectivas gráficas, sonoras y audiovisuales. Se incluyen entrevistas a especialistas y bibliotecarios.
Guardado en:
| Autor Principal: | |
|---|---|
| Autor Corporativo: | |
| Formato: | |
| Publicado: |
Argentina,
2011
|
| Series: | Horizontes. Lengua
|
| Materias: | |
| Etiquetas: |
Agregar Etiqueta
Sin Etiquetas, Sea el primero en etiquetar este registro!
|
| LEADER | 01074ngm a22002775g 4500 | ||
|---|---|---|---|
| 001 | CEM.cems023699 | ||
| 008 | 130507s2011##################0###0#####d | ||
| 005 | 20250624171825.0 | ||
| 245 | 1 | 0 | |a Bibliotecas y otros archivos / |c Marcelo Sauvignone. |
| 260 | |a Argentina, |c 2011 | ||
| 300 | |a 30'. | ||
| 490 | 0 | |a Horizontes. Lengua | |
| 500 | |a Consultar en ventanilla. | ||
| 538 | |a Soporte: DVD - Color: Si - Grabación DRD. | ||
| 520 | |a La importancia de las bibliotecas en la preservación de la información. Clasificación según sus diferentes tipos. Se aborda el concepto de archivo desde perspectivas gráficas, sonoras y audiovisuales. Se incluyen entrevistas a especialistas y bibliotecarios. | ||
| 100 | 1 | |a Sauvignone, Marcelo | |
| 710 | 2 | |a Canal Encuentro. | |
| 082 | 4 | 0 | |/ SAU-1 |
| 653 | |a LITERATURA | ||
| 653 | |a LENGUA | ||
| 653 | |a LENGUA Y LITERATURA | ||
| 653 | |a GENEROS LITERARIOS | ||
| 653 | |a BIBLIOTECOLOGIA | ||
| 653 | |a BIBLIOTECAS | ||
| 653 | |a SERIE DE TELEVISIÓN | ||
| 859 | |a CEMS |b BIB. CEMS - Depto. Recursos Didacticos |h 401 |i SAU-1 |k DRD |p 2342.15 |t Ej.1 | ||
